00897nam a2200241Ia 450000500170000000800410001702000180005804100080007608200150008410000210009924500280012025000120014826000380016030000090019850000290020765000360023670000210027290600100029394200070030399900170031095201700032795201580049720251121151022.0230125s9999 xx 000 0 und d a9789351507314 aeng a158.1bWAD aWadkar A9215288 aLife Skills For Success a1st Ed. c2016bSage publicationaNew Delhi a403p aPersonality Development  aPersonality Development9213420 aWadkar A9215288 b121.8 cBK c96104d96104 00104070aHIMRbHIMRd2019-12-17eForward Booksg435.00i11147l2o158.1 WAD B19047pHIMR-BK-19047r2026-02-11 15:37:56s2026-02-05v313.20w2019-12-10yBKzB19047 00104070aHIMRbHIMRd2019-12-17eForward Booksg435.00i11147l0o158.1 WAD B19048pHIMR-BK-19048r2023-01-25 00:00:00v313.20w2019-12-10yBKzB19048